| 000 | 00711nam a22001817a 4500 | ||
|---|---|---|---|
| 999 |
_c62149 _d62149 |
||
| 005 | 20240723171448.0 | ||
| 008 | 240723s2023 ge ||||| |||| 00| 0 ger d | ||
| 020 | _a9783823385868 X | ||
| 080 | _a811.112 B-43 | ||
| 100 |
_a Bendel Larcher, Sylvia _dAuthor _922916 |
||
| 245 |
_aLinguistische Diskursanalyse : _bEin Lehr- und Arbeitsbuch / _cSylvia Bendel Larcher |
||
| 250 | _a2.durchgesehene und aktualisierte Auflage | ||
| 264 |
_aTübingen: _bNarr Francke Attempto, _c2023. |
||
| 300 |
_a302 p.: _b24 cm. |
||
| 653 | _aLinguistische Diskursanalyse Ein Lehr- und Arbeitsbuch | ||
| 653 | _aლინგვისტური დისკურსის ანალიზი | ||
| 942 |
_2udc _cᲬᲘᲒᲜᲘ |
||